[Event "Arak op 15th"]
[Site "Arak"]
[Date "2016.08.18"]
[Round "11"]
[White "Khatibi, Meysam"]
[Black "Ghaledar, Faraz"]
[Result "1/2-1/2"]
[WhiteElo "2237"]
[BlackElo "2132"]
[PlyCount "30"]
[EventDate "2016.08.11"]
[EventType "swiss"]
[EventRounds "11"]
[EventCountry "IRI"]
[SourceTitle "CBM 173 Extra"]
[Source "ChessBase"]
[SourceDate "2016.08.29"]
[SourceVersion "1"]
[SourceVersionDate "2016.08.29"]
[SourceQuality "1"]

1. c4 c5 2. Nc3 g6 3. g3 Bg7 4. Bg2 Nc6 5. Nf3 Nf6 6. 0-0 0-0 7. a3 d6 8. Rb1 Ng4 9. h3 Nge5 10. Nxe5 Nxe5 11. d3 Rb8 12. Qc2 Bd7 13. b4 b6 14. Bb2 Qc8 15. Kh2 a6 1/2-1/2

[Event "Bandarabbas Galedari Cup 2nd"]
[Site "Bandarabbas"]
[Date "2015.12.04"]
[Round "7.4"]
[White "Ghaledar, Faraz"]
[Black "Vasli, Aref"]
[Result "0-1"]
[WhiteElo "2119"]
[BlackElo "2105"]
[PlyCount "92"]
[EventDate "2015.11.29"]
[EventType "swiss"]
[EventRounds "9"]
[EventCountry "IRI"]
[SourceTitle "EXT 2024"]
[Source "ChessBase"]
[SourceDate "2023.10.10"]
[SourceVersion "1"]
[SourceVersionDate "2023.10.10"]
[SourceQuality "1"]

1. d4 Nf6 2. c4 e6 3. Nc3 c5 4. d5 exd5 5. cxd5 d6 6. Nf3 g6 7. Nd2 Nbd7 8. Nc4 Nb6 9. e4 Nxc4 10. Bxc4 Bg7 11. 0-0 0-0 12. Re1 Ng4 13. h3 Ne5 14. Bf1 a6 15. a4 b6 16. Bf4 g5 17. Bg3 Ng6 18. Qh5 Re8 19. Rad1 Be5 20. Bxe5 Rxe5 21. g3 Bd7 22. Rd2 Qe7 23. Qh6 Qf8 24. Qxf8+ Kxf8 25. Rb1 a5 26. Re1 Rae8 27. f3 f5 28. Rf2 f4 29. g4 R5e7 30. Rh2 Kg7 31. Kf2 Rh8 32. Bc4 h5 33. Reh1 Rh6 34. b3 Ne5 35. Be2 Kf8 36. h4 hxg4 37. fxg4 Reh7 38. Nb5 Bxb5 39. axb5 Rxh4 40. Rxh4 Rxh4 41. Rxh4 gxh4 42. Kg2 c4 43. bxc4 a4 44. c5 dxc5 45. Bd1 a3 46. Bb3 c4 0-1

[Event "Hamadan Iran op 11th"]
[Site "Hamadan"]
[Date "2012.07.13"]
[Round "4"]
[White "Hosseinipour, Mehdi"]
[Black "Ghaledar, Faraz"]
[Result "1-0"]
[WhiteElo "2257"]
[BlackElo "2067"]
[PlyCount "59"]
[EventDate "2012.07.11"]
[EventType "swiss"]
[EventRounds "11"]
[EventCountry "IRI"]
[SourceTitle "CBM 149 Extra"]
[Source "ChessBase"]
[SourceDate "2012.08.24"]
[SourceVersion "1"]
[SourceVersionDate "2012.08.24"]
[SourceQuality "1"]

1. e4 e6 2. d4 d5 3. Nd2 c5 4. exd5 exd5 5. dxc5 Bxc5 6. Nb3 Bd6 7. Nf3 Ne7 8. Be2 Nbc6 9. c3 0-0 10. 0-0 h6 11. Nbd4 Bg4 12. h3 Bh5 13. Be3 Rc8 14. Nh4 Bxe2 15. Qxe2 Be5 16. Ndf5 Nxf5 17. Nxf5 Qf6 18. Qg4 Kh8 19. Rad1 Rfd8 20. Rd2 Bb8 21. Rfd1 Ne5 22. Qh5 Qe6 23. Bd4 f6 24. Re2 Re8 25. Rde1 Qd7 26. f4 Nf7 27. Qg6 Nd6 28. Re7 Rxe7 29. Rxe7 Qxe7 30. Nxe7 1-0

[Event "Esfahan Norouz Cup 2nd"]
[Site "Esfahan"]
[Date "2012.03.26"]
[Round "4"]
[White "Ghaledar, Faraz"]
[Black "Badkoubi, Amirhossein"]
[Result "1-0"]
[WhiteElo "2091"]
[BlackElo "1973"]
[PlyCount "95"]
[EventDate "2012.03.24"]
[EventType "swiss"]
[EventRounds "9"]
[EventCountry "IRI"]
[SourceTitle "CBM 147 Extra"]
[Source "ChessBase"]
[SourceDate "2012.04.24"]
[SourceVersion "1"]
[SourceVersionDate "2012.04.24"]
[SourceQuality "1"]

1. e4 e6 2. a3 d5 3. e5 c5 4. b4 cxb4 5. axb4 Nc6 6. d4 Bxb4+ 7. c3 Bf8 8. Bd3 g6 9. h4 f6 10. h5 g5 11. exf6 Qxf6 12. Nf3 g4 13. Bg5 Qg7 14. h6 Qc7 15. Nh4 e5 16. Bf5 Bxh6 17. Qxg4 Bxg5 18. Qxg5 Qe7 19. Qh5+ Kd8 20. 0-0 Nf6 21. Qh6 Ng8 22. Qh5 Nf6 23. Qf3 e4 24. Qh3 Rg8 25. Nd2 Nh5 26. Bxc8 Nf4 27. Qh2 Ne2+ 28. Kh1 Rxc8 29. c4 Ncxd4 30. Ra5 b5 31. Rfa1 Rg4 32. g3 Rc7 33. Ng2 Nc2 34. Rd1 e3 35. Nf1 exf2 36. Rxd5+ Rd7 37. Raxb5 Nxg3+ 38. Nxg3 Rxg3 39. Rb8+ Kc7 40. Qxg3+ Rd6 41. Rb1 Ne3 42. Qxd6+ Qxd6 43. Rxd6 f1Q+ 44. Rxf1 Nxf1 45. Rh6 Ng3+ 46. Kg1 Ne4 47. Ne3 a5 48. Ra6 1-0

[Event "Isfahan Province-ch"]
[Site "Esfahan"]
[Date "2011.07.17"]
[Round "3"]
[White "Shirani Liri, Nima"]
[Black "Ghaledar, Faraz"]
[Result "0-1"]
[WhiteElo "1678"]
[BlackElo "2088"]
[PlyCount "98"]
[EventDate "2011.07.16"]
[EventType "swiss"]
[EventRounds "9"]
[EventCountry "IRI"]
[SourceTitle "EXT 2012"]
[Source "ChessBase"]
[SourceDate "2011.11.24"]
[SourceVersion "1"]
[SourceVersionDate "2011.11.24"]
[SourceQuality "1"]

1. d4 d5 2. c4 e5 3. dxe5 d4 4. Nf3 Nc6 5. g3 Bg4 6. Bg2 Qd7 7. Qb3 0-0-0 8. 0-0 Bh3 9. e6 Bxe6 10. Ne5 Qd6 11. Nxc6 bxc6 12. Qa4 Qc5 13. Nd2 Ne7 14. b4 Qb6 15. c5 Qb7 16. b5 Qxb5 17. Qxa7 Nd5 18. Ba3 Qb7 19. Qxb7+ Kxb7 20. Rab1+ Kc8 21. Bxd5 Bxd5 22. Nb3 Bc4 23. Rfd1 d3 24. exd3 Bxd3 25. Rb2 Be7 26. Rbd2 Bc4 27. Rxd8+ Rxd8 28. Rxd8+ Bxd8 29. Nd4 Kb7 30. Nb3 Ka6 31. Bb2 Bxb3 32. axb3 Bf6 33. Bc1 Kb5 34. Bf4 Kxc5 35. Bxc7 Kb4 36. Kf1 Kxb3 37. Ke2 c5 38. Kd1 c4 39. Kc1 Bb2+ 40. Kd2 c3+ 41. Kd3 c2 42. Bf4 c1Q 43. Bxc1 Bxc1 44. Ke4 Kc2 45. Ke5 Kd3 46. Kd6 Ke4 47. Ke7 f5 48. Kf7 Bb2 49. Kg8 h6 0-1

[Event "Armen Norouz Cup 1st"]
[Site "Esfahan"]
[Date "2011.03.31"]
[Round "9"]
[White "Badkoubi, Amirhossein"]
[Black "Ghaledar, Faraz"]
[Result "0-1"]
[WhiteElo "1967"]
[BlackElo "2022"]
[PlyCount "98"]
[EventDate "2011.03.25"]
[EventType "swiss"]
[EventRounds "9"]
[EventCountry "IRI"]
[SourceTitle "CBM 141 Extra"]
[Source "ChessBase"]
[SourceDate "2011.05.03"]
[SourceVersion "1"]
[SourceVersionDate "2011.05.03"]
[SourceQuality "1"]

1. d4 d5 2. c4 e6 3. Nc3 Nf6 4. cxd5 exd5 5. Bg5 c6 6. e3 h6 7. Bh4 Qb6 8. Bxf6 Qxb2 9. Qc1 Qxc1+ 10. Rxc1 Ba3 11. Bxg7 Rg8 12. Nxd5 Rxg7 13. Rc3 Bd6 14. a3 Kd8 15. Nf6 b5 16. f3 b4 17. Ne4 bxc3 18. Nxd6 Ba6 19. Ne2 c2 20. Nc1 Bxf1 21. Kxf1 Nd7 22. Nf5 Rg6 23. e4 Rb8 24. Ne3 c5 25. d5 Ra6 26. Ke1 Rxa3 27. Nxc2 Rb1 28. Kd2 Ra2 29. Re1 Rab2 30. Nd3 Rxe1 31. Nxb2 Rb1 32. Nc4 Kc7 33. e5 Nb6 34. Nxb6 Rxb6 35. Ne3 Rb4 36. Nc2 Rb3 37. Ne3 a5 38. Nc4 a4 39. Kc2 Kd7 40. h3 h5 41. h4 Rb4 42. Kc3 Ke7 43. g4 Rb3+ 44. Kc2 Rxf3 45. gxh5 Rf4 46. Ne3 Kd7 47. d6 Ke6 48. Nd5 Kxd5 49. d7 Rc4+ 0-1